000
00320nam a22001337a 4500
008
211011b ||||| |||| 00| 0 eng d
041
_a
eng
080
_a
821
082
_a
821
100
_a
21
101
_a
GJL
245
_a
Homer and the Nibelungenlied comparative studies in epic style
_c
Fenik,B
942
_2
udc
_c
BK
999
_c
58134
_d
58134